PHYSICAL EDUCATION : A PRACTICAL GUIDE (Record no. 5046)

MARC details
000 -LEADER
fixed length control field 00410nam a22001697a 4500
003 - CONTROL NUMBER IDENTIFIER
control field OSt
005 - DATE AND TIME OF LATEST TRANSACTION
control field 20210920135122.0
008 - FIXED-LENGTH DATA ELEMENTS--GENERAL INFORMATION
fixed length control field 210920b |||||||| |||| 00| 0 eng d
020 ## - INTERNATIONAL STANDARD BOOK NUMBER
International Standard Book Number 0719552338
040 ## - CATALOGING SOURCE
Transcribing agency HU
082 ## - DEWEY DECIMAL CLASSIFICATION NUMBER
Classification number 796.07/ROB
100 ## - MAIN ENTRY--PERSONAL NAME
Personal name ROBERTSON ELIZABETH
9 (RLIN) 5087
245 ## - TITLE STATEMENT
Title PHYSICAL EDUCATION : A PRACTICAL GUIDE
260 ## - PUBLICATION, DISTRIBUTION, ETC.
Name of publisher, distributor, etc. JOHN MURRAY
Date of publication, distribution, etc. 1994.
300 ## - PHYSICAL DESCRIPTION
Extent 184p.
942 ## - ADDED ENTRY ELEMENTS (KOHA)
Source of classification or shelving scheme Dewey Decimal Classification
Koha item type Books like text book referance book
Suppress in OPAC No
Holdings
Withdrawn status Lost status Source of classification or shelving scheme Damaged status Not for loan Home library Current library Shelving location Date acquired Total Checkouts Full call number Barcode Date last seen Copy number Price effective from Koha item type
    Dewey Decimal Classification     Natural & Computational Science Library Natural & Computational Science Library General Stacks 09/20/2021   796.07/ROB NSCLIB00009842 09/20/2021 1 09/20/2021 Books like text book referance book